000 00743nam a22002177a 4500
005 20251108164247.0
008 250721s1997 xx 000 0 ara d
082 1 4 _a329.309564/درا
100 1 _aأبو عبيد، عبد الله
245 1 0 _aدراسة في الفكر السياسي لحركة المقاومة الإسلامية ( حماس ) 1987-1996 /
264 1 _aعمان :
_bمركز دراسات الشرق الأوسط،
_c1997.
300 _a376ص
490 0 _aدراسات ؛ 2
650 1 7 _aحماس
650 1 7 _aالإخوان المسلمون
650 1 7 _aفلسطين
700 1 _aالحمد، جواد
_eتحرير
700 1 _aالبرغوثي، إياد
_eتحرير
942 _2ddc
_cBK
999 _c7744
_d7744